| 000 | 00567nam a2200193 i 4500 | ||
|---|---|---|---|
| 001 | 94820 | ||
| 003 | ES-MaACL | ||
| 005 | 20231204173723.0 | ||
| 007 | t| | ||
| 008 | 050516s1970 sp ||||1| spa d | ||
| 100 | 1 |
_aLuca de Tena, Torcuato, _d1923-1999 _974516 |
|
| 245 | 1 | 0 |
_aPepa Niebla _b: premio Ateneo de Sevilla 1970 / _cTorcuato Luca de Tena. |
| 250 | _a[3ยช ed.]. | ||
| 260 |
_aBarcelona : _bPlaneta, _c1973. |
||
| 300 |
_a489 p., 3 h. ; _c19 cm. |
||
| 710 | 2 |
_aAteneo de Sevilla. _92028 |
|
| 852 |
_aES-MaACL _jE-7901 _bR.92323 |
||
| 999 |
_c94820 _d94820 |
||